La izquierda burguesa y la tragedia de la II República / (Record n. 9047)

Dettagli MARC
000 -LEADER
fixed length control field 00994nam a2200265 i 4500
003 - CONTROL NUMBER IDENTIFIER
control field IT-RoINE
005 - DATE AND TIME OF LATEST TRANSACTION
control field 20161219110613.0
008 - FIXED-LENGTH DATA ELEMENTS--GENERAL INFORMATION
fixed length control field 061107s2006 sp | r o||| ||spa d
020 ## - INTERNATIONAL STANDARD BOOK NUMBER
International Standard Book Number 8445128817
040 ## - CATALOGING SOURCE
Original cataloging agency SpMaBN
Transcribing agency IT-RoINE
Modifying agency IT-RoINE
100 1# - MAIN ENTRY--PERSONAL NAME
Personal name Avilés Farré, Juan,
Dates associated with a name 1950-
9 (RLIN) 13119
245 13 - TITLE STATEMENT
Title La izquierda burguesa y la tragedia de la II República /
Statement of responsibility, etc Juan Avilés Farré.
260 ## - PUBLICATION, DISTRIBUTION, ETC. (IMPRINT)
Place of publication, distribution, etc Madrid :
Name of publisher, distributor, etc Consejería de Educación,
Date of publication, distribution, etc 2006.
300 ## - PHYSICAL DESCRIPTION
Extent 495 p. :
Other physical details il., mapas ;
Dimensions 25 cm.
336 ## - CONTENT TYPE
Source rdacontent
Content type term text
337 ## - MEDIA TYPE
Source rdamedia
Media type term unmediated
338 ## - CARRIER TYPE
Source rdacarrier
Carrier type term volume
500 ## - GENERAL NOTE
General note Incluye índice
504 ## - BIBLIOGRAPHY, ETC. NOTE
Bibliography, etc Bibliografía: p. 463-473.
650 #4 - SUBJECT ADDED ENTRY--TOPICAL TERM
Topical term or geographic name as entry element Izquierda (Política)
Geographic subdivision España
General subdivision Historia
9 (RLIN) 18715
651 #4 - SUBJECT ADDED ENTRY--GEOGRAPHIC NAME
Geographic name España
General subdivision Historia
Chronological subdivision 1931-1939 (II República)
9 (RLIN) 6313
651 #4 - SUBJECT ADDED ENTRY--GEOGRAPHIC NAME
Geographic name España
General subdivision Historia
-- Causas y antecedentes
Chronological subdivision 1936-1939 (Guerra civil)
9 (RLIN) 18025
650 #4 - SUBJECT ADDED ENTRY--TOPICAL TERM
9 (RLIN) 18714
Topical term or geographic name as entry element Partidos republicanos
Geographic subdivision España
General subdivision Historia
Chronological subdivision 1931-1939 (II República)
942 ## - ADDED ENTRY ELEMENTS (KOHA)
Item type Monografías
Dati di copia
Withdrawn status Lost status Damaged status Not for loan Home library Current library Date acquired Total Checkouts Full call number Barcode Date last seen Price effective from Koha item type
        Iglesia Nacional Española en Roma Iglesia Nacional Española en Roma 27/04/2015   HIS.ESP.4. 915 12649 27/04/2015 27/04/2015 Monografías